000 01710nam a2200385 c 4500
999 _c57834
_d57834
003 BLK
005 20241207120014.0
008 180408b bul|||||r ||||||| ||bul||
010 _aKNG00061846000
040 _aBLK
041 _aBUL
_cBUL
080 _aОрганизация на възпитанието и образованието. Училищно дело.
_b37.09
_x(09)(075.8)
_z37.09(09)(075.8)
100 1 _aЧакъров, Найден Георгиев
_eпърви автор
_9287894
139 _aЧакъров, Найден Георгиев и др.
_bЧ 19
245 1 0 _aИстория на педагогиката
_bУчебник за учителските инст.
_cНайден Георгиев Чакъров; съавт. Жечо Господинов Атанасов.
250 _a8. изд.
257 _aBGR
260 _aСофия
_bНар. просв.
_c1975
_fВ. Търново : Д. Найденов
300 _a271 с.
_bс портр.
_c22 см
380 _a3
500 _aАвт. не са отбелязани на кор. - 1. изд. 1954. - 18 078 тир.
650 4 _aПедагогика - история - учебници за ВУЗ
_9251946
653 _aпедагогика
653 _aистория
653 _aучебници за ВУЗ
700 1 _aАтанасов, Жечо Господинов
_eсъавт.
_9364564
852 _aЦб 78270
856 4 _qpdf
856 4 _qpdf
942 _cKNG
_n0
_05
_s1
944 _aCR
_c13.06.2004
_k30545
_lНора Радева
944 _aED
_c14.12.2016
_kСевдалина_Василева
944 _aED
_c2022-10-06
_kХристина Везирева
999 _d57834